[Event "NOR-chT Clubs"]
[Site "Drammen"]
[Date "2022.05.26"]
[Round "1"]
[White "Jakobsen, Oskar Feed"]
[Black "Moen, Ole Christian"]
[Result "0-1"]
[WhiteElo "1609"]
[BlackElo "2150"]
[PlyCount "82"]
[EventDate "2022.05.26"]
[EventType "team-swiss"]
[EventRounds "6"]
[EventCountry "NOR"]
[SourceTitle "EXT 2024"]
[Source "ChessBase"]
[SourceDate "2023.10.10"]
[SourceVersion "1"]
[SourceVersionDate "2023.10.10"]
[SourceQuality "1"]
[WhiteTeam "Jaeren"]
[BlackTeam "Oslo SS Mix"]
[WhiteTeamCountry "NOR"]
[BlackTeamCountry "NOR"]

1. d4 Nf6 2. c4 e6 3. Nc3 Bb4 4. Qc2 b6 5. a3 Bxc3+ 6. Qxc3 Bb7 7. Nf3 d6 8. g3 Nbd7 9. Bg2 0-0 10. 0-0 h6 11. b3 a5 12. Bb2 a4 13. b4 Ne4 14. Qc2 d5 15. c5 Ba6 16. Rfe1 Bc4 17. Nd2 Nxd2 18. Qxd2 f5 19. Rac1 b5 20. Rc3 Nf6 21. f3 c6 22. Bc1 Ra7 23. Qe3 Re7 24. Qf2 g5 25. Re3 Qe8 26. Bd2 Qg6 27. h3 f4 28. gxf4 gxf4 29. Rc3 Nh5 30. e3 Rg7 31. exf4 Rxf4 32. Bxf4 Nxf4 33. Kh1 Qxg2+ 34. Qxg2 Rxg2 35. Rxe6 Nxe6 36. Kxg2 Nxd4 37. Kf2 Bb3 38. Ke3 Nc2+ 39. Kf4 Nxa3 40. Kf5 Kf7 41. Re3 d4 0-1

[Event "Sandnes CC-ch B"]
[Site "Sandnes"]
[Date "2017.05.02"]
[Round "7"]
[White "Jakobsen, Oskar Feed"]
[Black "Larsen, Roald B"]
[Result "1-0"]
[WhiteElo "1516"]
[BlackElo "1644"]
[PlyCount "146"]
[EventDate "2017.02.07"]
[EventType "swiss"]
[EventRounds "7"]
[EventCountry "NOR"]
[SourceTitle "EXT 2024"]
[Source "ChessBase"]
[SourceDate "2023.10.10"]
[SourceVersion "1"]
[SourceVersionDate "2023.10.10"]
[SourceQuality "1"]

1. e4 d6 2. d4 Nf6 3. Nc3 g6 4. Nf3 Bg7 5. Be3 0-0 6. Qd2 Ng4 7. Be2 c6 8. h3 Nxe3 9. Qxe3 b5 10. a3 a5 11. 0-0 Bb7 12. e5 d5 13. Ne1 e6 14. Nd3 Nd7 15. Nb1 Re8 16. Nd2 Re7 17. Nb3 f6 18. f4 f5 19. Nbc5 Nf8 20. Kh1 Rf7 21. Rg1 Bh6 22. g4 Bc8 23. g5 Bg7 24. a4 Kh8 25. Nf2 Rb8 26. Rgb1 h6 27. h4 Ra7 28. Nd1 Bd7 29. b3 Kg8 30. Nb2 Kf7 31. Kg2 h5 32. Qd2 Be8 33. Ra2 Nd7 34. Nxd7 Bxd7 35. axb5 cxb5 36. Rba1 Rba8 37. c4 bxc4 38. bxc4 Bc6 39. c5 a4 40. Nd3 Bb5 41. Nb4 Qe8 42. Bxb5 Qxb5 43. Ra3 Rb8 44. Nd3 Bf8 45. R1a2 Qc4 46. Nb2 Qb4 47. Nxa4 Qxd2+ 48. Rxd2 Rb4 49. Rda2 Rxd4 50. Nb6 Rxa3 51. Rxa3 Bxc5 52. Ra7+ Ke8 53. Ra8+ Ke7 54. Ra7+ Kd8 55. Ra8+ Kc7 56. Na4 Bb4 57. Rg8 Ba3 58. Nc3 Rxf4 59. Nb5+ Kc6 60. Nxa3 Rxh4 61. Rxg6 Rg4+ 62. Kf3 h4 63. Rxe6+ Kc5 64. Nc2 h3 65. Rh6 Rxg5 66. Rxh3 d4 67. Kf4 Rg2 68. Nxd4 Kxd4 69. Kxf5 Re2 70. e6 Kd5 71. Rd3+ Kc4 72. Rd8 Rf2+ 73. Kg6 Rg2+ 1-0

[Event "Sandnes CC-ch B"]
[Site "Sandnes"]
[Date "2017.03.28"]
[Round "5"]
[White "Gyland, Stig"]
[Black "Jakobsen, Oskar Feed"]
[Result "1/2-1/2"]
[WhiteElo "1487"]
[BlackElo "1516"]
[PlyCount "82"]
[EventDate "2017.02.07"]
[EventType "swiss"]
[EventRounds "7"]
[EventCountry "NOR"]
[SourceTitle "EXT 2024"]
[Source "ChessBase"]
[SourceDate "2023.10.10"]
[SourceVersion "1"]
[SourceVersionDate "2023.10.10"]
[SourceQuality "1"]

1. Nf3 Nf6 2. g3 g6 3. Bg2 Bg7 4. 0-0 0-0 5. d3 d6 6. Nbd2 Nc6 7. e4 e5 8. c3 Nd7 9. Nb3 Nb6 10. Bg5 f6 11. Be3 f5 12. exf5 Bxf5 13. Nh4 Bd7 14. Qd2 Rb8 15. Bh6 Ne7 16. Bxg7 Kxg7 17. Rae1 Nf5 18. Nxf5+ Bxf5 19. Na5 c6 20. h4 Na4 21. Nc4 Nc5 22. d4 Bd3 23. dxc5 Bxc4 24. cxd6 Bxf1 25. Kxf1 Qf6 26. d7 Rbd8 27. Bh3 Rf7 28. Qe3 Re7 29. Rd1 Rf7 30. Qe2 e4 31. Rd2 Qf3 32. Qxf3 exf3 33. Rd3 g5 34. Re3 h5 35. hxg5 Kg6 36. Re8 Rf8 37. Re5 Rh8 38. Re3 Kxg5 39. Rxf3 h4 40. gxh4+ Rxh4 41. Ke2 Rf4 1/2-1/2

[Event "Sandnes CC-ch B"]
[Site "Sandnes"]
[Date "2017.02.14"]
[Round "2"]
[White "Eliseev, Sergey1"]
[Black "Jakobsen, Oskar Feed"]
[Result "0-1"]
[WhiteElo "1263"]
[BlackElo "1516"]
[PlyCount "116"]
[EventDate "2017.02.07"]
[EventType "swiss"]
[EventRounds "7"]
[EventCountry "NOR"]
[SourceTitle "EXT 2024"]
[Source "ChessBase"]
[SourceDate "2023.10.10"]
[SourceVersion "1"]
[SourceVersionDate "2023.10.10"]
[SourceQuality "1"]

1. e4 e6 2. d3 d5 3. Nf3 dxe4 4. dxe4 Qxd1+ 5. Kxd1 Bc5 6. Ke1 Bd7 7. Bf4 Bb6 8. Nbd2 Nf6 9. Ne5 Nh5 10. Nd3 Nxf4 11. Nxf4 Nc6 12. Bb5 0-0-0 13. Nc4 Bd4 14. c3 Bf6 15. Rd1 a6 16. Bxc6 Bxc6 17. f3 Bb5 18. Nd2 Rd7 19. Nb3 Rhd8 20. Rxd7 Rxd7 21. Ne2 Bc4 22. Nec1 Bg5 23. a3 a5 24. g3 Be3 25. Nxa5 Bb5 26. Nab3 b6 27. h4 c5 28. Rh2 f5 29. Nd2 fxe4 30. fxe4 Bc6 31. Ncb3 Ba4 32. Nc4 Bxb3 33. Nxe3 Kc7 34. Rd2 Rf7 35. Ke2 Ba4 36. Rd3 Bc6 37. e5 Bf3+ 38. Ke1 Be4 39. Rd6 Rf3 40. Nd1 Bd5 41. g4 Rg3 42. Nf2 Re3+ 43. Kd2 Rxe5 44. Rxd5 exd5 45. b3 h5 46. b4 c4 47. g5 Rf5 48. Ke3 Kc6 49. a4 Re5+ 50. Kd2 g6 51. Kd1 Re3 52. Kd2 Rf3 53. Nd1 Rh3 54. Ne3 Rh2+ 55. Kc1 Rxh4 56. Nc2 Rh1+ 57. Kd2 Rh2+ 58. Kd1 Rxc2 0-1